Quick Pick: Famous Australians Quiz Stats

 Plays Quiz Updated Jun 9, 2018

Challenge
Share
Tweet
Embed
Score 0/10 Timer 01:00
0 Plays Today
% Correct
Steve Irwin
94.8%
Errol Flynn
85.4%
Hugh Jackman
81.2%
Rod Laver
78.1%
Keith Urban
77.9%
Ned Kelly
73.5%
Robert Menzies
68.7%
Gina Rinehart
65.9%
Joan Sutherland
64%
Dawn Fraser
59%

Today's Daily Dose

You're not logged in!

Compare scores with friends on all Sporcle quizzes.
Join for Free
OR
Log In

You Might Also Like...

Show Comments

Extras

Top Quizzes Today


Score Distribution

Your Account Isn't Verified!

In order to create a playlist on Sporcle, you need to verify the email address you used during registration. Go to your Sporcle Settings to finish the process.

Report this User

Report this user for behavior that violates our Community Guidelines.

Details: